000 00344nam a2200109Ia 4500
008 171211s9999 xx 000 0 und d
245 _a53 Interesting Things to Do in Your Lectures
245 _cAnthony Haynes and Karen Haynes
260 _c2012
650 _xINFORMATION TECHNOLOGIES
856 _uhttp://down.ebook777.com/040/9781907076305.pdf
999 _c349719
_d349719